Normal view
MARC view
Entry Personal Name
001 - CONTROL NUMBER
- control field: 55623
003 - CONTROL NUMBER IDENTIFIER
- control field: OSt
005 - DATE AND TIME OF LATEST TRANSACTION
- control field: 20250724105433.0
008 - FIXED-LENGTH DATA ELEMENTS
- fixed length control field: 250724|| aca||aabn | a|a d
040 ## - CATALOGING SOURCE
- Original cataloging agency: OSt
- Transcribing agency: OSt
100 ## - HEADING--PERSONAL NAME
- Personal name: Binbaş, Evrim
670 ## - SOURCE DATA FOUND
- Source citation: Work cat.: (OSt): Binbaş, Evrim , Across the green sea: Histories from the western Indian ocean
